000 00860nam a2200217Ia 4500
001 1222
003 GE_BSU
008 181216s||||||||xx |||||||||||||| ||und||
040 _cGE_BSU
080 _a621.3(075.3)+621.38(075.3)
100 _aპოპოვი ვ, ნიკოლაევი ს.
245 _aზოგადი ელექტროტექნიკა ელექტროტექნიკის საფუძვლებით.
245 _bსახელმძღვანელო საშუალო სპეციალური სასწავლებლებისათვის.
260 _aთბილისი.
260 _bგანათლება.
260 _c1985.
300 _a542 გვ. 21სმ.
541 _h18 ლ.
653 _aელექტროტექნიკა.
942 _cBK
999 _c35369
_d35369